Tampa Bay Rays All-Time Team - Statistics

General Stats
  • This quiz has been taken 15 times
  • The average score is 3 of 10
Answer Stats
Nickname Player % Correct
Second Base Ben Zobrist
67%
Starting Pitcher David Price
60%
Left Field Carl Crawford
47%
Third Base Wade Boggs
40%
First Base Evan Longoria
33%
Catcher Jose Molina
20%
Right Field B.J. Upton
7%
Relief Pitcher Fernando Rodney
7%
Center Field Kevin Kiermaier
7%
Shortstop Jason Bartlett
0%
No matching quizzes found
Score Distribution
Percent of People with Each Score
Percentile by Number Answered
Your Score History
You have not taken this quiz